The tratment of solid municipal waste (Record no. 414284)

000 -LEADER
fixed length control field 00650cam a22001217a 4500
008 - FIXED-LENGTH DATA ELEMENTS--GENERAL INFORMATION
fixed length control field 180718b1982 xxu||||| |||| 00| 0 eng d
020 ## - INTERNATIONAL STANDARD BOOK NUMBER
International Standard Book Number 9282525333
082 ## - DEWEY DECIMAL CLASSIFICATION NUMBER
Classification number X83 c737
245 ## - TITLE STATEMENT
Title The tratment of solid municipal waste
Statement of responsibility, etc. By Office for offical publications of the European communiti
260 ## - PUBLICATION, DISTRIBUTION, ETC.
Place of publication, distribution, etc. European
Name of publisher, distributor, etc. Office for offical publications of the European communities
Date of publication, distribution, etc. 1982
300 ## - PHYSICAL DESCRIPTION
Extent 91p.
650 ## - SUBJECT ADDED ENTRY--TOPICAL TERM
Topical term or geographic name entry element Refuse and refuse disposal -- European Economic Community -- Handbooks, manuals, etc. Factory and trade waste -- European Economic Community -- Handbooks, manuals, etc. Sewage disposal -- European Economic Community -- Handbooks, manuals, etc.
Holdings
Withdrawn status Lost status Damaged status Not for loan Permanent Location Current Location Date acquired Full call number Barcode Date last seen Price effective from Koha item type
        Indian Institute of Public Administration Indian Institute of Public Administration 2009-02-24 X83 c737 DA5524 2018-07-21 2018-07-21 DA

Powered by Koha